Ako sa stať lepším globálnym spolupracovníkom

Globálny leadership a spolupráca s ľuďmi z odlišných kultúr. Manažéri globálnych tímov a vytvorenie kompromisu. Vybudovanie medziľudských vzťahov, cieľom ktorých je rozhodnúť o spôsobe prijateľnom pre obidve strany.

Salvato in:
Dettagli Bibliografici
Natura: Capitolo di libro
Lingua:slovacco
Soggetti:
Tags: Aggiungi Tag
Nessun Tag, puoi essere il primo ad aggiungerne!!

MARC

LEADER 00000naa a2200000 4500
001 0144594
005 20230912101144.8
041 0 |a slo 
044 |a SK 
245 1 0 |a Ako sa stať lepším globálnym spolupracovníkom 
520 |a Globálny leadership a spolupráca s ľuďmi z odlišných kultúr. Manažéri globálnych tímov a vytvorenie kompromisu. Vybudovanie medziľudských vzťahov, cieľom ktorých je rozhodnúť o spôsobe prijateľnom pre obidve strany. 
610 2 0 |a manažéri 
610 2 0 |a komunikácia manažérska 
610 2 0 |a vedenie ľudí 
610 2 0 |a tímy pracovné 
610 2 0 |a spolupráca medzinárodná 
610 2 0 |a komunikácia multikultúrna 
610 2 0 |a vzťahy medziľudské 
610 2 0 |a kultúra 
610 2 0 |a náboženstvo